Les Français nominés au Ballon d'Or depuis 2000 - Statistiques

Statistiques générales
  • Ce quiz a été pris 1 165 fois
    214 depuis la dernière actualisation
  • Le résultat moyen est 68 sur 75
Statistiques - réponses
Année Joueur Place Club % Correct
2017 Kylian Mbappé 7e AS Monaco
99%
Kylian Mbappé 4e Paris Saint-Germain
99%
2019 Kylian Mbappé 6e Paris Saint-Germain
99%
Kylian Mbappé 9e Paris Saint-Germain
99%
Kylian Mbappé 6e Paris Saint-Germain
99%
2023 Kylian Mbappé 3e Paris Saint-Germain
99%
2024 Kylian Mbappé 6e PSG/Real Madrid
99%
Kylian Mbappé 7e Real Madrid
99%
2000 Zinédine Zidane 2e Juventus Turin
99%
Zinédine Zidane 9e Real Madrid
99%
2002 Zinédine Zidane 4e Real Madrid
99%
Zinédine Zidane 5e Real Madrid
99%
Zinédine Zidane 23e Real Madrid
99%
Zinédine Zidane 18e Real Madrid
99%
Zinédine Zidane 5e Real Madrid
99%
Thierry Henry 4e Arsenal FC
98%
2001 Thierry Henry 9e Arsenal FC
98%
Thierry Henry 6e Arsenal FC
98%
2003 Thierry Henry 2e Arsenal FC
98%
2004 Thierry Henry 4e Arsenal FC
98%
2005 Thierry Henry 4e Arsenal FC
98%
2006 Thierry Henry 3e Arsenal FC
98%
Thierry Henry 19e FC Barcelone
98%
2009 Thierry Henry 15e FC Barcelone
98%
2016 Antoine Griezmann 3e Atlético Madrid
97%
Antoine Griezmann 18e Atlético Madrid
97%
2018 Antoine Griezmann 3e Atlético Madrid
97%
Antoine Griezmann 18e FC Barcelone
97%
Antoine Griezmann 21e Atlético Madrid
97%
Karim Benzema 15e Real Madrid
97%
2012 Karim Benzema 21e Real Madrid
97%
2014 Karim Benzema 16e Real Madrid
97%
Karim Benzema 20e Real Madrid
97%
Karim Benzema 25e Real Madrid
97%
Karim Benzema 17e Real Madrid
97%
Karim Benzema 26e Real Madrid
97%
2021 Karim Benzema 4e Real Madrid
97%
2022 Karim Benzema Gagnant Real Madrid
97%
Karim Benzema 16e Real Madrid/Al-Ittihad
97%
2025 Ousmane Dembélé Gagnant Paris Saint-Germain
97%
Hugo Lloris 20e Tottenham Hotspur
95%
Hugo Lloris 29e Tottenham Hotspur
95%
Hugo Lloris 23e Tottenham Hotspur
95%
Franck Ribéry 13e Olympique de Marseille
94%
2007 Franck Ribéry 17e Olympique de Marseille
94%
2008 Franck Ribéry 16e FC Bayern Munich
94%
Franck Ribéry 28e FC Bayern Munich
94%
2013 Franck Ribéry 3e FC Bayern Munich
94%
Paul Pogba 22e Juventus
94%
2015 Paul Pogba 15e Juventus
94%
Paul Pogba 14e Juventus
94%
Paul Pogba 15e Manchester United
94%
N'Golo Kanté 8e Chelsea FC
93%
N'Golo Kanté 11e Chelsea FC
93%
N'Golo Kanté 5e Chelsea FC
93%
Désiré Doué 14e Paris Saint-Germain
92%
Michael Olise 30e Bayern Munich
92%
Raphaël Varane 7e Real Madrid
91%
Dimitri Payet 17e West Ham United
87%
Randal Kolo Muani 28e Eintracht Frankfurt/PSG
87%
William Saliba 24e Arsenal FC
87%
Mike Maignan 25e AC Milan
80%
Christopher Nkunku 25e RB Leizpig
78%
David Trezeguet 22e Juventus Turin
76%
David Trezeguet 12e Juventus Turin
76%
Bixente Lizarazu 11e FC Bayern Munich
75%
Yoann Gourcuff 20e Girondins de Bordeaux
73%
2011 Éric Abidal 11e FC Barcelone
72%
Fabien Barthez 12e Manchester United
67%
Patrick Vieira 15e Arsenal FC
66%
Patrick Vieira 14e Juventus
66%
Claude Makélélé 13e Chelsea FC
59%
Laurent Blanc 27e Inter Milan
59%
Marcel Desailly 24e Chelsea FC
55%
Ludovic Giuly 24e AS Monaco
45%
Aucun quiz correspondant
Distribution des résultats
% des personnes avec chaque résultat
Percentile par nombre de réponses
Votre historique - résultats
Vous n’avez pas pris ce quiz depuis la dernière actualisation